U. S. economic growth from 1976 to 1986 :

Đã lưu trong:
书目详细资料
格式: 图书
语言:Undetermined
出版: Washington aa 1976
主题:
标签: 添加标签
没有标签, 成为第一个标记此记录!
Thư viện lưu trữ: Trung tâm Học liệu Trường Đại học Cần Thơ
LEADER 00444nam a2200169Ia 4500
001 CTU_84347
008 210402s9999 xx 000 0 und d
082 |a 330.9 
082 |b F142 
245 0 |a U. S. economic growth from 1976 to 1986 : 
260 |a Washington 
260 |b aa 
260 |c 1976 
650 |a united states 
650 |x economic conditions 
650 |y 1971-1981 
980 |a Trung tâm Học liệu Trường Đại học Cần Thơ